000
00338 a2200157 4500
001
61083
020
_a
0521628598
040
_c
Anchieta - Pituba
100
_a
Hull, Jonathan
240
1
0
_a
New interchange 2
_l
eng
245
1
0
_a
New interchange 2
300
_a
96
362
0
_a
1998
650
4
_a
Inglês e inglês antigo
942
_c
BK
999
_c
61083
_d
61083